Bratstvo. Tri rapsodie. I. Bitka pri Lučenci

Bibliographic Details
Main Author: Jirásek, Alois, 1851-1930 (Author)
Format: Book
Language:English
PhysicalDescription:356 s.
Published: Turčiansky Sv. Martin Svetová Knižnica - Miloslav Schmidt 1922

MARC

LEADER 00000nam a2200000 a 4500
001 vtls008943984
003 SK-MaSNL
005 20260301210119.0
008 240313 000 0 eng
040 |a SNK  |b slo  |c SNK  |e AACR2 
100 1 |a Jirásek, Alois,  |d 1851-1930  |4 aut  |9 104443 
245 1 |a Bratstvo.  |b Tri rapsodie.  |c Al. Jirásek: slovenské vydanie  |n I.  |p Bitka pri Lučenci 
260 |a Turčiansky Sv. Martin  |b Svetová Knižnica - Miloslav Schmidt  |c 1922 
300 |a 356 s. 
999 |c 912521  |d 914451 
952 |a SNK  |b SNK  |y VYP  |7 0  |p 17A0530049  |o snkSD 3875 D1  |i snkD 779/66  |8 1  |3 rekatalogizácia  |0 0  |1 0  |4 0  |d 2007-02-08  |l 0  |r 2026-02-24 07:48:26  |w 2026-02-24